[Event "EYCC 2024 - O12"]
[Site "?"]
[Date "2024.08.30"]
[Round "8.8"]
[White "Shilon Rahav, Eliran"]
[Black "Sakotic, Nikola"]
[Result "1-0"]
[BlackElo "1984"]
[WhiteElo "2103"]
[LiveChessVersion "1.4.8"]

1. e4 {[%clk 1:30:50]} c5 {[%clk 1:30:28]} 2. Nf3 {[%clk 1:30:27]} d6
{[%clk 1:30:52]} 3. Nc3 {[%clk 1:30:36]} Nf6 {[%clk 1:31:16]} 4. e5
{[%clk 1:30:54]} dxe5 {[%clk 1:31:27]} 5. Nxe5 {[%clk 1:31:19]} Nbd7
{[%clk 1:30:29]} 6. d4 {[%clk 1:31:30]} e6 {[%clk 1:29:50]} 7. Bf4
{[%clk 1:24:28]} Be7 {[%clk 1:25:25]} 8. Nxd7 {[%clk 1:18:45]} Bxd7
{[%clk 1:25:23]} 9. dxc5 {[%clk 1:08:33]} O-O {[%clk 1:24:25]} 10. Bd6
{[%clk 1:05:20]} Bc6 {[%clk 1:23:26]} 11. Bc4 {[%clk 1:02:03]} Bxd6
{[%clk 1:22:18]} 12. cxd6 {[%clk 1:00:53]} Rc8 {[%clk 1:21:42]} 13. Qd3
{[%clk 0:59:03]} Qa5 {[%clk 1:20:27]} 14. O-O-O {[%clk 0:58:01]} Rfd8
{[%clk 1:16:42]} 15. Rhe1 {[%clk 0:56:30]} a6 {[%clk 1:11:42]} 16. f3
{[%clk 0:54:26]} Qc5 {[%clk 1:03:44]} 17. Bb3 {[%clk 0:50:38]} Ne8
{[%clk 1:00:32]} 18. Rxe6 {[%clk 0:47:37]} Kh8 {[%clk 0:53:06]} 19. Ne4
{[%clk 0:46:27]} Bxe4 {[%clk 0:50:35]} 20. Rxe4 {[%clk 0:46:51]} Nf6
{[%clk 0:49:08]} 21. Re7 {[%clk 0:46:30]} Rd7 {[%clk 0:48:42]} 22. Rxf7
{[%clk 0:46:19]} Rxf7 {[%clk 0:48:38]} 23. Bxf7 {[%clk 0:46:42]} Rd8
{[%clk 0:49:02]} 24. Kb1 {[%clk 0:46:16]} Qe5 {[%clk 0:48:40]} 25. g3
{[%clk 0:46:13]} Rd7 {[%clk 0:48:32]} 26. f4 {[%clk 0:45:30]} Qe4
{[%clk 0:47:51]} 27. Bd5 {[%clk 0:44:34]} Qb4 {[%clk 0:47:43]} 28. Be6
{[%clk 0:44:47]} Rd8 {[%clk 0:48:11]} 29. d7 {[%clk 0:45:05]} Qb6
{[%clk 0:48:13]} 30. f5 {[%clk 0:45:24]} Qf2 {[%clk 0:47:58]} 31. Qd4
{[%clk 0:45:18]} Qe2 {[%clk 0:48:05]} 32. a4 {[%clk 0:45:17]} h6 {[%clk 0:48:21]}
33. Ka2 {[%clk 0:45:32]} Qxc2 {[%clk 0:48:19]} 34. Rd2 {[%clk 0:45:43]} Qc6
{[%clk 0:48:38]} 35. Qb4 {[%clk 0:44:57]} Kh7 {[%clk 0:46:03]} 36. Qd4
{[%clk 0:43:37]} a5 {[%clk 0:45:51]} 37. g4 {[%clk 0:43:43]} b5 {[%clk 0:45:37]}
38. h4 {[%clk 0:43:56]} b4 {[%clk 0:44:30]} 39. b3 {[%clk 0:44:03]} Ne4
{[%clk 0:43:43]} 40. Qd3 {[%clk 0:39:46]} Qc1 {[%clk 0:42:36]} 41. Qxe4
{[%clk 0:35:50]} Qxd2+ {[%clk 0:43:00]} 42. Kb1 {[%clk 0:36:15]} Qd1+
{[%clk 0:43:10]} 43. Kb2 {[%clk 0:36:41]} Qd2+ {[%clk 0:43:08]} 44. Qc2
{[%clk 0:36:39]} Qd4+ {[%clk 0:43:32]} 45. Ka2 {[%clk 0:35:30]} Kh8
{[%clk 0:43:32]} 46. Qe2 {[%clk 0:33:48]} Rf8 {[%clk 0:37:23]} 47. Kb1
{[%clk 0:29:35]} Qg1+ {[%clk 0:36:37]} 48. Kc2 {[%clk 0:28:56]} Qd4
{[%clk 0:36:24]} 49. Qd2 {[%clk 0:28:46]} Qe4+ {[%clk 0:35:33]} 50. Kb2
{[%clk 0:26:47]} Rd8 {[%clk 0:34:17]} 51. Qd1 {[%clk 0:23:55]} Qe5+
{[%clk 0:34:33]} 52. Kb1 {[%clk 0:23:11]} Qe4+ {[%clk 0:34:54]} 53. Ka2
{[%clk 0:23:00]} Qg2+ {[%clk 0:33:30]} 54. Ka1 {[%clk 0:23:19]} Qe4
{[%clk 0:33:41]} 55. h5 {[%clk 0:20:43]} Qe5+ {[%clk 0:33:49]} 56. Ka2
{[%clk 0:20:08]} Qh2+ {[%clk 0:34:00]} 57. Kb1 {[%clk 0:20:25]} Qf4
{[%clk 0:33:51]} 58. Qe2 {[%clk 0:19:29]} Qd4 {[%clk 0:33:50]} 59. Qf3
{[%clk 0:18:05]} Qg1+ {[%clk 0:33:41]} 60. Kc2 {[%clk 0:17:43]} Qh2+
{[%clk 0:33:59]} 61. Kd3 {[%clk 0:17:04]} Qd6+ {[%clk 0:34:00]} 62. Ke2
{[%clk 0:17:27]} Qe5+ {[%clk 0:33:33]} 63. Qe3 {[%clk 0:17:21]} Qh2+
{[%clk 0:33:46]} 64. Kd3 {[%clk 0:17:14]} Qd6+ {[%clk 0:33:59]} 65. Qd4
{[%clk 0:17:37]} Qg3+ {[%clk 0:34:05]} 66. Kc4 {[%clk 0:16:46]} Qc7+
{[%clk 0:34:22]} 67. Qc5 {[%clk 0:16:47]} Qf4+ {[%clk 0:34:30]} 68. Kd5
{[%clk 0:16:08]} Qf3+ {[%clk 0:33:05]} 69. Kd6 {[%clk 0:15:28]} Qg3+
{[%clk 0:32:25]} 70. Kc6 {[%clk 0:15:05]} Qc3 {[%clk 0:29:21]} 71. Bc4
{[%clk 0:14:15]} Qf3+ {[%clk 0:21:13]} 72. Bd5 {[%clk 0:14:02]} Qg3
{[%clk 0:21:01]} 73. Qxa5 {[%clk 0:10:38]} Qb8 {[%clk 0:20:42]} 74. Qb6
{[%clk 0:09:56]} Qa8+ {[%clk 0:20:52]} 75. Kc5 {[%clk 0:10:05]} Rc8+
{[%clk 0:20:49]} 76. dxc8=R+ {[%clk 0:10:09]} Qxc8+ {[%clk 0:21:12]} 77. Kxb4
{[%clk 0:10:13]} Qf8+ {[%clk 0:21:35]} 78. Qc5 {[%clk 0:10:23]} Qb8+
{[%clk 0:22:03]} 79. Ka3 {[%clk 0:10:44]} Qe8 {[%clk 0:22:05]} 80. Be6
{[%clk 0:11:03]} g5 {[%clk 0:22:21]} 81. Qc8 {[%clk 0:11:21]} 1-0

[Event "EYCC 2024 - O12"]
[Site "?"]
[Date "2024.08.30"]
[Round "8.9"]
[White "Peglau, Paul David"]
[Black "Oikonomopoulos, Filippos"]
[Result "0-1"]
[BlackElo "2088"]
[WhiteElo "1943"]
[LiveChessVersion "1.4.8"]

1. Nf3 {[%clk 1:30:57]} Nf6 {[%clk 1:30:55]} 2. c4 {[%clk 1:31:19]} g6
{[%clk 1:31:20]} 3. Nc3 {[%clk 1:31:37]} Bg7 {[%clk 1:31:32]} 4. g3
{[%clk 1:32:01]} O-O {[%clk 1:31:52]} 5. Bg2 {[%clk 1:32:28]} d6 {[%clk 1:32:00]}
6. d3 {[%clk 1:32:43]} e5 {[%clk 1:31:05]} 7. Bg5 {[%clk 1:32:05]} c6
{[%clk 1:27:06]} 8. O-O {[%clk 1:18:15]} Re8 {[%clk 1:23:01]} 9. Nd2
{[%clk 1:14:29]} h6 {[%clk 1:19:02]} 10. Bxf6 {[%clk 1:12:53]} Bxf6
{[%clk 1:18:52]} 11. Rb1 {[%clk 1:06:48]} Be6 {[%clk 1:09:45]} 12. b4
{[%clk 0:56:06]} Qc7 {[%clk 1:07:49]} 13. b5 {[%clk 0:46:31]} Nd7
{[%clk 1:06:24]} 14. bxc6 {[%clk 0:37:17]} bxc6 {[%clk 1:06:45]} 15. Qa4
{[%clk 0:35:23]} Rec8 {[%clk 1:05:17]} 16. Rfc1 {[%clk 0:31:56]} Nc5
{[%clk 1:03:12]} 17. Qa3 {[%clk 0:29:50]} Be7 {[%clk 1:01:22]} 18. Nb3
{[%clk 0:25:28]} Nxb3 {[%clk 0:55:13]} 19. Qxb3 {[%clk 0:22:57]} Rab8
{[%clk 0:54:29]} 20. Qa4 {[%clk 0:22:44]} Bd7 {[%clk 0:51:52]} 21. Rb3
{[%clk 0:12:18]} Rb6 {[%clk 0:37:31]} 22. Rcb1 {[%clk 0:11:29]} Rcb8
{[%clk 0:36:12]} 23. Qa3 {[%clk 0:09:54]} Rxb3 {[%clk 0:28:42]} 24. Rxb3
{[%clk 0:09:14]} Rb6 {[%clk 0:27:20]} 25. h4 {[%clk 0:07:01]} Kg7
{[%clk 0:26:14]} 26. Qb2 {[%clk 0:05:30]} Bd8 {[%clk 0:25:01]} 27. Qa3
{[%clk 0:04:15]} Rxb3 {[%clk 0:24:16]} 28. axb3 {[%clk 0:04:16]} f5
{[%clk 0:23:57]} 29. b4 {[%clk 0:02:04]} f4 {[%clk 0:17:25]} 30. gxf4
{[%clk 0:01:42]} Bxh4 {[%clk 0:12:00]} 31. fxe5 {[%clk 0:01:30]} dxe5
{[%clk 0:12:28]} 32. Ne4 {[%clk 0:01:28]} Be7 {[%clk 0:12:17]} 33. Qc3
{[%clk 0:01:31]} Kh7 {[%clk 0:12:24]} 34. d4 {[%clk 0:00:43]} exd4
{[%clk 0:08:55]} 35. Qxd4 {[%clk 0:01:11]} Be6 {[%clk 0:08:21]} 36. c5
{[%clk 0:00:42]} Qf4 {[%clk 0:07:26]} 37. e3 {[%clk 0:00:33]} Qf8
{[%clk 0:06:02]} 38. Qe5 {[%clk 0:00:33]} Bd7 {[%clk 0:05:56]} 39. Nd6
{[%clk 0:00:33]} Qg7 {[%clk 0:04:59]} 40. Qxg7+ {[%clk 0:00:35]} Kxg7
{[%clk 0:05:28]} 41. Nc4 {[%clk 0:00:33]} Bf6 {[%clk 0:05:12]} 42. Na5
{[%clk 0:00:33]} Bc3 {[%clk 0:05:39]} 43. Bxc6 {[%clk 0:00:34]} Be6
{[%clk 0:05:14]} 44. Nb7 {[%clk 0:00:32]} Bxb4 {[%clk 0:05:35]} 45. Be8
{[%clk 0:00:33]} a5 {[%clk 0:04:26]} 46. Bb5 {[%clk 0:00:33]} Kf6
{[%clk 0:03:35]} 47. c6 {[%clk 0:00:34]} Bc8 {[%clk 0:01:45]} 48. Ba6
{[%clk 0:00:32]} a4 {[%clk 0:01:27]} 49. Bc4 {[%clk 0:00:33]} Ke7
{[%clk 0:01:23]} 50. f4 {[%clk 0:00:33]} a3 {[%clk 0:01:39]} 51. Kf2
{[%clk 0:00:37]} h5 {[%clk 0:01:49]} 52. Kg3 {[%clk 0:00:34]} Be6
{[%clk 0:01:20]} 53. c7 {[%clk 0:00:51]} Bc8 {[%clk 0:01:45]} 54. Nd8
{[%clk 0:00:41]} Kd6 {[%clk 0:01:35]} 55. Ne6 {[%clk 0:00:38]} Be1+
{[%clk 0:01:38]} 56. Kf3 {[%clk 0:00:48]} Ba5 {[%clk 0:01:56]} 57. e4
{[%clk 0:00:33]} Bxc7 {[%clk 0:01:32]} 58. e5+ {[%clk 0:00:35]} Kc6
{[%clk 0:01:45]} 59. Nf8 {[%clk 0:00:32]} Bf5 {[%clk 0:01:39]} 60. Ke3
{[%clk 0:00:33]} Bb6+ {[%clk 0:01:53]} 61. Kf3 {[%clk 0:00:33]} h4
{[%clk 0:01:49]} 62. Ba2 {[%clk 0:00:33]} h3 {[%clk 0:01:11]} 63. Kg3
{[%clk 0:00:31]} Bg1 {[%clk 0:00:55]} 64. e6 {[%clk 0:00:33]} Kd6
{[%clk 0:00:44]} 65. Nxg6 {[%clk 0:00:32]} h2 {[%clk 0:00:34]} 66. e7
{[%clk 0:00:31]} Bxg6 {[%clk 0:00:55]} 67. f5 {[%clk 0:00:32]} h1=Q
{[%clk 0:01:15]} 68. fxg6 {[%clk 0:00:45]} Qh2+ {[%clk 0:01:40]} 69. Kf3
{[%clk 0:01:05]} Kxe7 {[%clk 0:01:58]} 70. g7 {[%clk 0:01:23]} Qxa2
{[%clk 0:02:21]} 0-1

[Event "EYCC 2024 - O12"]
[Site "?"]
[Date "2024.08.30"]
[Round "8.10"]
[White "Filindash, Nikita"]
[Black "Huseynov, Ahmed"]
[Result "1-0"]
[BlackElo "1933"]
[WhiteElo "2067"]
[LiveChessVersion "1.4.8"]

1. d4 {[%clk 1:30:58]} Nf6 {[%clk 1:30:50]} 2. c4 {[%clk 1:31:25]} e6
{[%clk 1:31:15]} 3. Nc3 {[%clk 1:31:52]} Bb4 {[%clk 1:31:30]} 4. e3
{[%clk 1:32:21]} O-O {[%clk 1:31:48]} 5. Bd3 {[%clk 1:32:49]} d5 {[%clk 1:29:09]}
6. Nf3 {[%clk 1:33:08]} b6 {[%clk 1:21:26]} 7. O-O {[%clk 1:31:57]} Bb7
{[%clk 1:18:27]} 8. cxd5 {[%clk 1:31:56]} exd5 {[%clk 1:18:46]} 9. a3
{[%clk 1:32:20]} Bxc3 {[%clk 1:14:01]} 10. bxc3 {[%clk 1:31:45]} Nbd7
{[%clk 1:12:10]} 11. Nd2 {[%clk 1:20:42]} Re8 {[%clk 1:07:42]} 12. Re1
{[%clk 1:20:22]} c5 {[%clk 1:04:24]} 13. f3 {[%clk 1:17:41]} Rc8 {[%clk 1:00:10]}
14. Nf1 {[%clk 1:07:15]} Nf8 {[%clk 0:54:29]} 15. Ng3 {[%clk 1:06:40]} g6
{[%clk 0:47:49]} 16. Ra2 {[%clk 0:51:17]} h5 {[%clk 0:35:34]} 17. a4
{[%clk 0:35:30]} Ne6 {[%clk 0:22:06]} 18. Nh1 {[%clk 0:33:17]} Qc7
{[%clk 0:18:44]} 19. Nf2 {[%clk 0:31:59]} Rcd8 {[%clk 0:12:09]} 20. Bd2
{[%clk 0:28:54]} Qb8 {[%clk 0:05:24]} 21. a5 {[%clk 0:28:13]} Qc7
{[%clk 0:03:52]} 22. Qa1 c4 {[%clk 0:02:25]} 23. axb6 {[%clk 0:19:24]} axb6
{[%clk 0:02:46]} 24. Bc2 {[%clk 0:19:49]} Ra8 {[%clk 0:02:24]} 25. Rb1
{[%clk 0:19:25]} Bc6 {[%clk 0:02:19]} 26. Rbb2 {[%clk 0:10:56]} b5
{[%clk 0:01:51]} 27. e4 {[%clk 0:08:08]} dxe4 28. fxe4 {[%clk 0:08:26]} Ng4
{[%clk 0:01:01]} 29. Nxg4 {[%clk 0:08:41]} hxg4 {[%clk 0:01:12]} 30. d5
{[%clk 0:05:17]} Qb6+ {[%clk 0:01:29]} 31. Kh1 {[%clk 0:05:29]} Rxa2
{[%clk 0:01:30]} 32. Rxa2 {[%clk 0:05:43]} Qf2 {[%clk 0:01:05]} 33. Qc1
{[%clk 0:04:02]} Bxd5 {[%clk 0:00:38]} 34. Be3 {[%clk 0:04:17]} Qe2
{[%clk 0:00:38]} 35. Bb1 {[%clk 0:04:36]} Qxa2 {[%clk 0:00:33]} 36. Bxa2
{[%clk 0:04:56]} Bxe4 {[%clk 0:00:55]} 37. Bb1 {[%clk 0:05:15]} Nc7
{[%clk 0:00:35]} 38. Bxe4 {[%clk 0:05:02]} Rxe4 {[%clk 0:01:01]} 39. Kg1
{[%clk 0:04:58]} Nd5 {[%clk 0:01:23]} 40. Bd2 {[%clk 0:02:23]} b4
{[%clk 0:00:36]} 41. cxb4 c3 {[%clk 0:01:01]} 42. Bg5 {[%clk 0:00:32]} Rxb4
{[%clk 0:00:55]} 43. Qd1 {[%clk 0:00:59]} Rb5 {[%clk 0:00:41]} 44. Qxg4
{[%clk 0:00:39]} Rb1+ {[%clk 0:00:38]} 45. Kf2 {[%clk 0:01:08]} Rb2+
{[%clk 0:00:36]} 46. Ke1 {[%clk 0:00:44]} Rb1+ {[%clk 0:00:33]} 47. Ke2
{[%clk 0:00:52]} Rb2+ {[%clk 0:00:32]} 48. Kd3 {[%clk 0:00:34]} Rb4
{[%clk 0:00:32]} 49. Qc8+ {[%clk 0:00:47]} Kg7 {[%clk 0:00:55]} 50. Qc5
{[%clk 0:00:40]} 1-0

[Event "EYCC 2024 - O12"]
[Site "?"]
[Date "2024.08.30"]
[Round "8.11"]
[White "Verbytski, Oleg"]
[Black "Kiryttopoulos, Ioannis"]
[Result "0-1"]
[BlackElo "1922"]
[WhiteElo "2060"]
[LiveChessVersion "1.4.8"]

1. e4 {[%clk 1:30:58]} c5 {[%clk 1:30:55]} 2. Nf3 {[%clk 1:31:23]} Nc6
{[%clk 1:31:20]} 3. d4 {[%clk 1:31:49]} cxd4 {[%clk 1:31:46]} 4. Nxd4
{[%clk 1:32:12]} Nf6 {[%clk 1:32:11]} 5. Nc3 {[%clk 1:32:36]} e5 {[%clk 1:32:24]}
6. Ndb5 {[%clk 1:33:01]} d6 {[%clk 1:32:42]} 7. Bg5 {[%clk 1:33:26]} a6
{[%clk 1:32:48]} 8. Na3 {[%clk 1:33:31]} b5 {[%clk 1:32:53]} 9. Nd5
{[%clk 1:33:30]} Be7 {[%clk 1:33:02]} 10. Bxf6 {[%clk 1:33:36]} Bxf6
{[%clk 1:33:27]} 11. c3 {[%clk 1:33:57]} Bg5 {[%clk 1:33:49]} 12. Nc2
{[%clk 1:34:19]} Ne7 {[%clk 1:33:42]} 13. a4 {[%clk 1:33:35]} bxa4
{[%clk 1:33:05]} 14. Ncb4 {[%clk 1:33:47]} Nxd5 {[%clk 1:31:18]} 15. Qxd5
{[%clk 1:30:46]} Be6 {[%clk 1:31:34]} 16. Qc6+ {[%clk 1:31:01]} Bd7
{[%clk 1:31:55]} 17. Qxd6 {[%clk 1:30:25]} Be7 {[%clk 1:32:09]} 18. Qxe5
{[%clk 1:29:29]} O-O {[%clk 1:32:24]} 19. Nd5 {[%clk 1:22:47]} Re8
{[%clk 1:31:21]} 20. Qd4 {[%clk 1:18:40]} Rb8 {[%clk 1:26:07]} 21. Bxa6
{[%clk 1:07:58]} Rxb2 {[%clk 1:19:57]} 22. O-O {[%clk 0:56:26]} Bd6
{[%clk 1:13:41]} 23. Ne3 {[%clk 0:53:57]} Be5 {[%clk 0:53:15]} 24. Qd5
{[%clk 0:39:31]} Rb6 {[%clk 0:24:20]} 25. Bc4 {[%clk 0:28:52]} Qe7
{[%clk 0:20:00]} 26. Qa5 {[%clk 0:28:06]} Rh6 {[%clk 0:15:24]} 27. f4
{[%clk 0:23:08]} Bd6 {[%clk 0:14:40]} 28. Qg5 {[%clk 0:17:17]} Qxe4
{[%clk 0:11:43]} 29. Rae1 {[%clk 0:16:31]} Rg6 {[%clk 0:04:19]} 30. Qh5
{[%clk 0:10:41]} Bc6 {[%clk 0:02:53]} 31. Bd5 {[%clk 0:06:47]} Bxd5
{[%clk 0:02:34]} 32. Qxd5 {[%clk 0:07:14]} Rge6 {[%clk 0:01:15]} 33. Qb5
{[%clk 0:05:54]} Qa8 {[%clk 0:00:36]} 34. Nc2 {[%clk 0:04:21]} Rxe1
{[%clk 0:00:46]} 35. Nxe1 {[%clk 0:04:47]} a3 {[%clk 0:00:33]} 36. Nc2
{[%clk 0:04:11]} a2 {[%clk 0:00:37]} 37. Qc4 {[%clk 0:02:54]} Rc8
{[%clk 0:00:37]} 38. Qd3 {[%clk 0:02:45]} Bf8 {[%clk 0:00:37]} 39. Na1
{[%clk 0:02:52]} Qa3 {[%clk 0:00:47]} 40. h3 {[%clk 0:02:22]} Rxc3
{[%clk 0:00:33]} 41. Qd2 {[%clk 0:02:45]} Rd3 {[%clk 0:00:36]} 42. Qc2
{[%clk 0:02:35]} Qc5+ {[%clk 0:00:49]} 43. Qxc5 {[%clk 0:02:56]} Bxc5+
{[%clk 0:01:15]} 44. Kh2 {[%clk 0:03:22]} Bd4 {[%clk 0:00:57]} 45. Rc1
{[%clk 0:02:33]} g6 {[%clk 0:00:56]} 46. Rc8+ {[%clk 0:02:49]} Kg7
{[%clk 0:01:22]} 47. Ra8 {[%clk 0:03:15]} Bxa1 {[%clk 0:01:45]} 48. Rxa2
{[%clk 0:03:40]} Bd4 {[%clk 0:02:06]} 49. Ra5 {[%clk 0:03:50]} Bb6
{[%clk 0:01:35]} 50. Ra4 {[%clk 0:03:53]} Rd4 {[%clk 0:01:51]} 51. Ra6
{[%clk 0:04:15]} Rb4 {[%clk 0:02:00]} 52. h4 {[%clk 0:04:25]} h5 {[%clk 0:02:12]}
53. g3 {[%clk 0:04:49]} Rb2+ {[%clk 0:02:37]} 54. Kh1 {[%clk 0:05:04]} Bf2
{[%clk 0:02:13]} 55. Kg2 {[%clk 0:05:28]} Be1+ {[%clk 0:02:28]} 56. Kf3
{[%clk 0:05:50]} Rb3+ {[%clk 0:02:48]} 57. Kg2 {[%clk 0:06:12]} Bxg3
{[%clk 0:03:09]} 58. f5 {[%clk 0:06:27]} Bxh4 {[%clk 0:03:30]} 59. fxg6
{[%clk 0:06:51]} fxg6 {[%clk 0:03:54]} 60. Ra7+ {[%clk 0:07:14]} Kh6
{[%clk 0:04:16]} 61. Ra8 {[%clk 0:07:38]} Rb2+ {[%clk 0:04:32]} 62. Kh3
{[%clk 0:07:50]} Bf6 {[%clk 0:04:51]} 63. Re8 {[%clk 0:08:05]} Bd4
{[%clk 0:04:29]} 64. Re5 {[%clk 0:08:04]} Bxe5 0-1

[Event "EYCC 2024 - O12"]
[Site "?"]
[Date "2024.08.30"]
[Round "8.12"]
[White "Akkus, Muhammed Ali"]
[Black "Hanache, Kai"]
[Result "0-1"]
[BlackElo "2057"]
[WhiteElo "1698"]
[LiveChessVersion "1.4.8"]

1. e4 {[%clk 1:30:54]} c5 {[%clk 1:30:52]} 2. Nf3 {[%clk 1:31:00]} d6
{[%clk 1:31:11]} 3. d4 {[%clk 1:31:22]} cxd4 {[%clk 1:31:31]} 4. Nxd4
{[%clk 1:31:46]} Nf6 {[%clk 1:31:44]} 5. Nc3 {[%clk 1:31:19]} Nc6
{[%clk 1:32:05]} 6. Bg5 {[%clk 1:29:56]} e6 {[%clk 1:31:38]} 7. Qd2
{[%clk 1:29:20]} a6 {[%clk 1:31:20]} 8. Nxc6 {[%clk 1:28:28]} bxc6
{[%clk 1:30:42]} 9. O-O-O {[%clk 1:27:39]} Be7 {[%clk 1:27:31]} 10. Bxf6
{[%clk 1:22:37]} gxf6 {[%clk 1:26:24]} 11. Bc4 {[%clk 1:18:44]} Bb7
{[%clk 1:16:46]} 12. Rhe1 {[%clk 1:07:00]} Qb6 {[%clk 1:10:18]} 13. Qe2
{[%clk 1:00:30]} Qc5 {[%clk 1:04:24]} 14. f4 {[%clk 0:49:31]} d5 {[%clk 0:58:30]}
15. exd5 {[%clk 0:34:09]} cxd5 {[%clk 0:58:06]} 16. Bb3 {[%clk 0:33:14]} O-O-O
{[%clk 0:55:56]} 17. Qd3 {[%clk 0:30:11]} Qc7 {[%clk 0:39:40]} 18. g3
{[%clk 0:28:02]} d4 {[%clk 0:39:21]} 19. Ne2 {[%clk 0:25:48]} Kb8
{[%clk 0:38:25]} 20. Nxd4 {[%clk 0:17:14]} e5 {[%clk 0:38:20]} 21. Qc4
{[%clk 0:17:17]} Qxc4 {[%clk 0:36:55]} 22. Bxc4 {[%clk 0:17:46]} Rc8
{[%clk 0:37:25]} 23. Nf5 Bb4 {[%clk 0:36:46]} 24. Bxf7 {[%clk 0:13:33]} Bxe1
{[%clk 0:36:19]} 25. Rxe1 {[%clk 0:13:56]} exf4 {[%clk 0:35:46]} 26. gxf4
{[%clk 0:14:04]} Rhd8 {[%clk 0:35:38]} 27. Bb3 {[%clk 0:11:07]} Rc5
{[%clk 0:35:28]} 28. Ng7 {[%clk 0:09:50]} Rd7 {[%clk 0:34:47]} 29. Ne6
{[%clk 0:07:47]} Re7 {[%clk 0:34:20]} 30. Nxc5 {[%clk 0:05:56]} Rxe1+
{[%clk 0:34:43]} 31. Kd2 {[%clk 0:06:26]} Rh1 {[%clk 0:34:16]} 32. Nd7+
{[%clk 0:06:14]} Kc7 {[%clk 0:34:45]} 33. Nxf6 {[%clk 0:06:41]} Rxh2+
{[%clk 0:34:30]} 34. Ke3 {[%clk 0:06:50]} Rh3+ {[%clk 0:33:54]} 35. Kd4
{[%clk 0:06:29]} Kd6 {[%clk 0:33:12]} 36. f5 {[%clk 0:02:16]} Rh4+
{[%clk 0:33:08]} 37. Ke3 {[%clk 0:01:58]} Ke5 {[%clk 0:33:24]} 38. Ne8
{[%clk 0:02:27]} Bc6 {[%clk 0:33:06]} 39. Ng7 {[%clk 0:01:46]} Re4+
{[%clk 0:33:16]} 40. Kd3 {[%clk 0:02:07]} Rg4 {[%clk 0:33:05]} 41. Ne6
{[%clk 0:01:56]} Be4+ {[%clk 0:33:13]} 42. Ke3 {[%clk 0:02:10]} Rg2
{[%clk 0:32:25]} 43. f6 {[%clk 0:01:52]} Rg3+ {[%clk 0:32:15]} 44. Ke2
{[%clk 0:01:56]} Kxf6 {[%clk 0:32:15]} 45. Nc5 {[%clk 0:01:52]} Rg2+
{[%clk 0:31:39]} 46. Kf1 {[%clk 0:01:57]} Rg4 {[%clk 0:30:52]} 47. a4
{[%clk 0:01:39]} Ke5 {[%clk 0:28:11]} 48. Nxa6 {[%clk 0:01:20]} Kf4
{[%clk 0:28:35]} 49. Nc5 {[%clk 0:01:43]} Bf3 {[%clk 0:28:39]} 50. Be6
{[%clk 0:01:16]} Rh4 {[%clk 0:28:43]} 51. Nd3+ {[%clk 0:00:56]} Kg3
{[%clk 0:28:59]} 52. Nf2 {[%clk 0:00:40]} Rh2 {[%clk 0:29:21]} 53. Nh3
{[%clk 0:00:52]} Rxc2 {[%clk 0:29:24]} 54. Ke1 {[%clk 0:01:13]} Re2+
{[%clk 0:29:53]} 55. Kf1 {[%clk 0:01:42]} Rxe6 {[%clk 0:30:05]} 56. a5
{[%clk 0:02:08]} Bg2+ {[%clk 0:30:33]} 57. Kg1 {[%clk 0:02:37]} Re1#
{[%clk 0:30:51]} 0-1